000 00699nam a2200229Ia 4500
005 20250508165922.0
008 008 250505s9999 xx 000 0 eng d
020 _a92-0-109197-X
037 _aTextual
040 _aFEDL
_beng
_cFEDL
041 _aeng
_2eng
084 _a372.35, JAC
_qFEDL
100 _aJacobson Willard J
_9772702
245 0 _aScience for children: A book for teachers
250 _a2
260 _aNew Jeresy, USA
_bPrentice-Hall Inc.
_c1987
300 _axv, 410p.
546 _aGifted by H.O.D. Namita Ranganathan in memory of Prof. Arvind Gaysu
700 _a Bergman Abby Barry
_9782414
942 _cTEXL
_h372.35, JAC
999 _c1398186
_d1398186